| 000 | 00834nam a2200253 i 4500 | ||
|---|---|---|---|
| 001 | bg | ||
| 100 | 1 | _aTURKOWSKI, Konrad | |
| 245 | 1 | 0 |
_aWycena wód i gruntów pod wodami / _cKonrad Turkowski. |
| 260 |
_aOlsztyn : _b"Educaterra", _c2003. |
||
| 300 |
_a210 s. : _bil. ; _c24 cm. |
||
| 504 | _aBibliogr. | ||
| 650 | 9 |
_aGrunt _xwycena _zPolska _yod 1989 r. |
|
| 650 | 9 |
_aWody śródlądowe _xwycena _zPolska _yod 1989 r. |
|
| 655 | _aPodręczniki | ||
| 015 | _aPB 3910/2004 | ||
| 020 | _a8388999060 | ||
| 040 | _cBPK | ||
| 041 | 0 | _apol | |
| 080 | _a332.6:556.5](438)"1989/..."(07) | ||
| 920 | _a83-88999-06-0 | ||
| 942 | _cKS | ||
| 008 | s pl f |000 0 pol | ||
| 999 |
_c46170 _d46170 |
||
| 856 |
_uhttp://koha.tu.koszalin.pl/cgi-bin/koha/opac-detail.pl?biblionumber=46170 _yKatalog online BPK |
||